<?xml version="1.0" encoding="UTF-8"?>
<record
    xmlns:xsi="http://www.w3.org/2001/XMLSchema-instance"
    xsi:schemaLocation="http://www.loc.gov/MARC21/slim http://www.loc.gov/standards/marcxml/schema/MARC21slim.xsd"
    xmlns="http://www.loc.gov/MARC21/slim">

  <leader>00818nam a2200217Ia 4500</leader>
  <datafield tag="999" ind1=" " ind2=" ">
    <subfield code="c">39461</subfield>
    <subfield code="d">39461</subfield>
  </datafield>
  <controlfield tag="001">6055</controlfield>
  <controlfield tag="003">GE_BSU</controlfield>
  <controlfield tag="005">20190925103127.0</controlfield>
  <controlfield tag="008">181216s1978||||ge |||||||||||||| ||geo||</controlfield>
  <datafield tag="040" ind1=" " ind2=" ">
    <subfield code="c">GE_BSU</subfield>
  </datafield>
  <datafield tag="041" ind1=" " ind2=" ">
    <subfield code="a">geo</subfield>
  </datafield>
  <datafield tag="080" ind1=" " ind2=" ">
    <subfield code="a">821.353.1-31  &#x10D0;-76 </subfield>
  </datafield>
  <datafield tag="100" ind1=" " ind2=" ">
    <subfield code="a">&#x10D0;&#x10E0;&#x10D0;&#x10D2;&#x10D5;&#x10D8;&#x10E1;&#x10DE;&#x10D8;&#x10E0;&#x10D4;&#x10DA;&#x10D8;, &#x10E8;&#x10D8;&#x10DD;</subfield>
    <subfield code="9">4299</subfield>
  </datafield>
  <datafield tag="245" ind1=" " ind2=" ">
    <subfield code="a">&#x10D2;&#x10D0;&#x10D1;&#x10D6;&#x10D0;&#x10E0;&#x10E3;&#x10DA;&#x10D8; &#x10D2;&#x10E3;&#x10DA;&#x10D8; /</subfield>
    <subfield code="c">&#x10E8;&#x10D8;&#x10DD;  &#x10D0;&#x10E0;&#x10D0;&#x10D2;&#x10D5;&#x10D8;&#x10E1;&#x10DE;&#x10D8;&#x10E0;&#x10D4;&#x10DA;&#x10D8; ;  &#x10E0;&#x10D4;&#x10D3;. &#x10DA;. &#x10E5;&#x10D0;&#x10D3;&#x10D0;&#x10D2;&#x10D8;&#x10E8;&#x10D5;&#x10D8;&#x10DA;&#x10D8;.</subfield>
  </datafield>
  <datafield tag="264" ind1=" " ind2=" ">
    <subfield code="a">&#x10D7;&#x10D1;&#x10D8;&#x10DA;&#x10D8;&#x10E1;&#x10D8; :</subfield>
    <subfield code="b">&#x10DC;&#x10D0;&#x10D9;&#x10D0;&#x10D3;&#x10E3;&#x10DA;&#x10D8; ;</subfield>
    <subfield code="c">1978.</subfield>
  </datafield>
  <datafield tag="300" ind1=" " ind2=" ">
    <subfield code="a">251 &#x10D2;&#x10D5;. ; </subfield>
    <subfield code="c">21 &#x10E1;&#x10DB;.</subfield>
  </datafield>
  <datafield tag="653" ind1=" " ind2=" ">
    <subfield code="a">&#x10D2;&#x10D0;&#x10D1;&#x10D6;&#x10D0;&#x10E0;&#x10E3;&#x10DA;&#x10D8; &#x10D2;&#x10E3;&#x10DA;&#x10D8;</subfield>
  </datafield>
  <datafield tag="653" ind1=" " ind2=" ">
    <subfield code="a">&#x10E0;&#x10DD;&#x10DB;&#x10D0;&#x10DC;&#x10D8;</subfield>
  </datafield>
  <datafield tag="700" ind1=" " ind2=" ">
    <subfield code="a">&#x10E5;&#x10D0;&#x10D3;&#x10D0;&#x10D2;&#x10D8;&#x10E8;&#x10D5;&#x10D8;&#x10DA;&#x10D8;,  &#x10DA;.</subfield>
    <subfield code="e">&#x10E0;&#x10D4;&#x10D3;&#x10D0;&#x10E5;&#x10E2;&#x10DD;&#x10E0;&#x10D8;</subfield>
    <subfield code="9">4300</subfield>
  </datafield>
  <datafield tag="942" ind1=" " ind2=" ">
    <subfield code="c">BK</subfield>
    <subfield code="2">udc</subfield>
  </datafield>
  <datafield tag="952" ind1=" " ind2=" ">
    <subfield code="0">0</subfield>
    <subfield code="1">0</subfield>
    <subfield code="2">udc</subfield>
    <subfield code="4">0</subfield>
    <subfield code="6">821353131_&#x10D0;76</subfield>
    <subfield code="7">0</subfield>
    <subfield code="9">42734</subfield>
    <subfield code="a">CPL</subfield>
    <subfield code="b">CPL</subfield>
    <subfield code="c">GEN</subfield>
    <subfield code="d">2018-12-17</subfield>
    <subfield code="g">12.80</subfield>
    <subfield code="o">821.353.1-31  &#x10D0;-76</subfield>
    <subfield code="p">13849</subfield>
    <subfield code="r">2018-12-17</subfield>
    <subfield code="t">13849</subfield>
    <subfield code="w">2018-12-17</subfield>
    <subfield code="y">BK</subfield>
    <subfield code="z">12.80 &#x10DA;.</subfield>
  </datafield>
  <datafield tag="952" ind1=" " ind2=" ">
    <subfield code="0">0</subfield>
    <subfield code="1">0</subfield>
    <subfield code="2">udc</subfield>
    <subfield code="4">0</subfield>
    <subfield code="6">821353131_&#x10D0;76</subfield>
    <subfield code="7">0</subfield>
    <subfield code="9">42735</subfield>
    <subfield code="a">CPL</subfield>
    <subfield code="b">CPL</subfield>
    <subfield code="c">GEN</subfield>
    <subfield code="d">2018-12-17</subfield>
    <subfield code="g">12.80</subfield>
    <subfield code="o">821.353.1-31  &#x10D0;-76</subfield>
    <subfield code="p">13850</subfield>
    <subfield code="r">2018-12-17</subfield>
    <subfield code="t">13850</subfield>
    <subfield code="w">2018-12-17</subfield>
    <subfield code="y">BK</subfield>
    <subfield code="z">12.80 &#x10DA;.</subfield>
  </datafield>
</record>
